US States With Most Serial Murder - Statistics

General Stats
  • This quiz has been taken 598 times
  • The average score is 7 of 10
Answer Stats
Killing/1 million
residents
in total Worst decade rank State % Correct
7.81 1507 1980’s 4# California
94%
6.11 793 1990’s 8# Texas
92%
9.92 778 1980’s 3# Florida
88%
7.44 277 1980’s 5# Washington
79%
7.36 162 1980’s 6# Oregon
69%
12.19 98 1980’s 2# Nevada
67%
15.65 51 1980’s 1# Alaska
60%
6.01 78 1980’s 9# Utah
58%
7.35 276 2000’s 7# Louisiana
57%
5.86 174 1980’s 10# Oklahoma
52%
No matching quizzes found
Score Distribution
Percent of People with Each Score
Percentile by Number Answered
Your Score History
You have not taken this quiz